[Event "Dani x Michel"]
[Site "http://www.queenalice.com/game.php?id=159769"]
[Date "2007.1.27"]
[Round "-"]
[White "dany"]
[Black "michel_spricigo"]
[Result "1-0"]
[WhiteElo "1180"]
[BlackElo "1360"]

1. e4 e5 2. f3 Bc5 3. Bc4 Nf6 4. Nc3 Nc6 5. d3 h6 6. Nh3 Nd4 7. Be3 Nxc2+ 8.
Qxc2 d6 9. Qa4+ Bd7 10. Nb5 a6 11. Ke2 axb5 12. Qb3 bxc4 13. Qxc4 b5 14. Qc3 b4
15. Qc4 Be6 16. Qc1 Bxa2 17. g4 g5 18. Nf2 O-O 19. Rd1 1-0

[Event "Pega essa..."]
[Site "http://www.queenalice.com/game.php?id=191649"]
[Date "2007.4.4"]
[Round "-"]
[White "IsraelRibeiro"]
[Black "michel_spricigo"]
[Result "0-1"]
[WhiteElo "1477"]
[BlackElo "1414"]

1. e4 e5 2. Bc4 d6 3. Qf3 Nf6 4. Nh3 h6 5. d3 c6 6. Na3 d5 7. exd5 cxd5 8. Bb5+
Nbd7 9. O-O a6 10. Ba4 b5 11. Bb3 Bb7 12. c4 Nc5 13. Bc2 dxc4 14. dxc4 Bxf3 15.
gxf3 b4 16. Nb1 Bd6 17. Rd1 Qc7 18. a3 b3 19. Bf5 e4 20. fxe4 Bxh2+ 21. Kh1 O-O
22. f4 Bg3 23. Rg1 Nfxe4 24. Nc3 Nf2+ 25. Kg2 Nxh3 26. Kxh3 Bxf4 27. Nd5 Qe5 28.
Ne7+ Qxe7 29. Bxf4 g5 30. Rae1 Qf6 31. Kg4 Rad8 32. Bc7 Rd4+ 33. Kf3 Qxf5+ 34.
Kg2 Rd2+ 35. Kg3 Ne4+ 36. Rxe4 Qxe4 37. Rf1 Qg2# 0-1

[Event "Challenger"]
[Site "http://www.queenalice.com/game.php?id=196999"]
[Date "2007.4.14"]
[Round "-"]
[White "Alcymist"]
[Black "michel_spricigo"]
[Result "1-0"]
[WhiteElo "1963"]
[BlackElo "1323"]

1. e4 e5 2. Nf3 Nc6 3. Bb5 a6 4. Ba4 b5 5. Bb3 Bc5 6. c3 Bb6 7. d4 Na5 8. Nxe5
Nxb3 9. Qxb3 Qe7 10. Nd2 d6 11. Nc6 Qd7 12. d5 Ne7 13. Nd4 Qg4 14. O-O O-O 15.
Qc2 Bb7 16. h3 Qg6 17. f4 c5 18. N4f3 f5 19. c4 1-0

[Event "Challenge"]
[Site "http://www.queenalice.com/game.php?id=197010"]
[Date "2007.4.14"]
[Round "-"]
[White "jalvez"]
[Black "michel_spricigo"]
[Result "1-0"]
[WhiteElo "1981"]
[BlackElo "1336"]

1. e4 e5 2. Nf3 Nc6 3. Bb5 a6 4. Bxc6 dxc6 5. d4 Bg4 6. dxe5 Qxd1+ 7. Kxd1
O-O-O+ 8. Nd2 Bxf3+ 9. gxf3 Bc5 10. Ke2 Ne7 11. Nb3 Ba7 12. Be3 Bxe3 13. Kxe3
Ng6 14. f4 Rhe8 15. Rad1 Nh4 16. Rxd8+ Rxd8 17. Rg1 g6 18. Nd4 c5 19. Ne2 c4 20.
Nc3 b5 21. Nd5 Kd7 22. Nf6+ Ke6 23. Nxh7 a5 24. Ng5+ Ke7 25. h3 c5 26. Rg4 f6
27. exf6+ Kxf6 28. Rxh4 Rd1 29. Rh7 Rb1 30. Rf7# 1-0

[Event "Jogo de amigos"]
[Site "http://www.queenalice.com/game.php?id=203756"]
[Date "2007.4.28"]
[Round "-"]
[White "Cristianovisk"]
[Black "michel_spricigo"]
[Result "0-1"]
[WhiteElo "1306"]
[BlackElo "1402"]

1. e4 c6 2. Nf3 d5 3. exd5 cxd5 4. Ne5 Nf6 5. Bb5+ Nbd7 6. c3 a6 7. Bxd7+ Bxd7
8. c4 Bc6 9. Qf3 dxc4 10. Nxc6 bxc6 11. O-O e6 12. Rd1 Be7 13. a4 O-O 14. Ra3
Bxa3 15. Nxa3 Qd5 16. Nb5 axb5 17. axb5 Qxf3 18. gxf3 cxb5 19. d3 Rfd8 20. Bg5
Rxd3 21. Rxd3 cxd3 22. b4 Ra2 23. Be3 d2 24. Bxd2 Rxd2 25. f4 Nd5 26. Kg2 Nxb4
27. h4 Nd5 28. Kg3 b4 29. Kg4 b3 30. f3 b2 31. f5 b1=Q 32. Kg5 Qxf5# 0-1

[Event "Game of Friends"]
[Site "http://www.queenalice.com/game.php?id=203757"]
[Date "2007.4.29"]
[Round "-"]
[White "djbarbaro"]
[Black "michel_spricigo"]
[Result "1-0"]
[WhiteElo "1763"]
[BlackElo "1446"]

1. e4 c6 2. d4 d5 3. Nc3 Qa5 4. Bd2 dxe4 5. Nxe4 Qd5 6. Qf3 Qxd4 7. Bc3 Qd8 8.
Bd3 Nf6 9. O-O-O Bg4 10. Nxf6+ gxf6 11. Qe3 Bxd1 12. Kxd1 Nd7 13. f4 Bh6 14. Nf3
Qc7 15. Re1 e6 16. g3 O-O-O 17. Qxa7 Bf8 18. Ba5 Qb8 19. Qxb8+ Nxb8 20. Bxd8
Kxd8 21. a3 Bc5 22. b4 Bf2 23. Re2 Bb6 24. c4 Na6 25. c5 Bc7 26. Rd2 Ke8 27.
Bxa6 bxa6 28. Nd4 Kd7 29. Nb5+ Kc8 30. Nd6+ Bxd6 31. Rxd6 Kc7 32. Kd2 f5 33. Kc3
Rd8 34. Rxd8 Kxd8 35. Kc4 Ke7 36. a4 f6 37. b5 1-0

[Event "Game of Friends 3"]
[Site "http://www.queenalice.com/game.php?id=203759"]
[Date "2007.4.29"]
[Round "-"]
[White "michel_spricigo"]
[Black "djbarbaro"]
[Result "0-1"]
[WhiteElo "1450"]
[BlackElo "1751"]

1. e4 e5 2. Nf3 Nc6 3. Bb5 Nf6 4. Nc3 d6 5. O-O a6 6. Bc4 Bg4 7. d3 b5 8. Bb3
Nd4 9. Qd2 Bxf3 10. g3 Bxe4 11. Nxe4 Nf3+ 12. Kh1 Nxd2 13. Bxd2 Nxe4 14. dxe4
Be7 15. h4 O-O 16. a3 c5 17. c4 Kh8 18. Rad1 f5 19. exf5 Rxf5 20. cxb5 axb5 21.
Bc2 Rh5 22. Be4 d5 23. Bf3 Rf5 24. Be2 g5 25. g4 Rf4 26. Bxf4 gxf4 27. g5 c4 28.
Bf3 e4 29. Bg2 f3 30. Bh3 Qd6 31. Rg1 Qe5 32. Rd2 Bd6 33. Rg3 b4 34. g6 hxg6 35.
Kg1 e3 0-1

[Event "Challenge"]
[Site "http://www.queenalice.com/game.php?id=214469"]
[Date "2007.5.21"]
[Round "-"]
[White "maikorech"]
[Black "michel_spricigo"]
[Result "1-0"]
[WhiteElo "1920"]
[BlackElo "1459"]

1. e4 e5 2. Nf3 Nc6 3. Nc3 Nf6 4. d4 d6 5. Bb5 Bd7 6. O-O a6 7. Ba4 b5 8. Bb3
Na5 9. Bd5 Nxd5 10. Nxd5 c6 11. Ne3 Nc4 12. b3 Nxe3 13. Bxe3 Be7 14. dxe5 dxe5
15. Nxe5 Be6 16. Nxc6 Qxd1 17. Rfxd1 Bf6 18. e5 Bd8 19. a4 Rc8 20. Rxd8+ Rxd8
21. Nxd8 Kxd8 22. axb5 Kc7 23. bxa6 Ra8 24. a7 Kb7 25. c4 Kc6 26. c5 Kb5 27. Ra4
Bxb3 28. Ra3 Ba4 29. c6 Kb4 30. Ra1 Bxc6 31. Rb1+ Kc4 32. f4 Kd3 33. Kf2 Ke4 34.
g4 Ba4 35. Rb4+ Kd5 36. Rxa4 Kc6 37. Rb4 Kc7 38. f5 Kd7 39. g5 Ke8 40. Bc5 1-0

[Event "AUTO-OPEN-499"]
[Site "http://www.queenalice.com/game.php?id=218553"]
[Date "2007.5.30"]
[Round "2"]
[White "QuickQuickSlow"]
[Black "michel_spricigo"]
[Result "1-0"]
[WhiteElo "2106"]
[BlackElo "1460"]

1. e4 e5 2. Nc3 Nf6 3. f4 exf4 4. e5 Ng8 5. d4 Bb4 6. Bxf4 Ne7 7. Nf3 h6 8. Bc4
c6 9. O-O Bxc3 10. bxc3 b5 11. Bb3 Ba6 12. Nd2 b4 13. c4 Qb6 14. c5 Qb7 15. Ne4
Bxf1 16. Nd6+ Kf8 17. Nxb7 Ba6 18. Nd6 Nd5 19. Bxd5 cxd5 20. Qh5 g6 21. Qf3 g5
22. Bxg5 Rh7 23. Bxh6+ Kg8 24. Qf6 Nc6 25. Nf5 Rf8 26. Qg5+ 1-0

[Event "AUTO-OPEN-499"]
[Site "http://www.queenalice.com/game.php?id=218554"]
[Date "2007.5.30"]
[Round "2"]
[White "michel_spricigo"]
[Black "QuickQuickSlow"]
[Result "0-1"]
[WhiteElo "1474"]
[BlackElo "2120"]

1. e4 c5 2. Bb5 a6 3. Bc4 e6 4. Nf3 d5 5. exd5 exd5 6. Be2 Nf6 7. d3 Nc6 8. O-O
Be7 9. Bg5 O-O 10. h3 Be6 11. c3 Re8 12. Nbd2 h6 13. Bf4 Bf8 14. Ne5 Nxe5 15.
Bxe5 Nd7 16. Nf3 Nxe5 17. Nxe5 d4 18. c4 Qc7 19. Nf3 Qf4 20. g3 Qf6 21. h4 Bh3
22. Re1 Bg4 23. Nh2 Bxe2 24. Rxe2 Qc6 25. b3 Bd6 26. Qf1 Rxe2 27. Qxe2 Re8 28.
Qd2 Re6 29. Nf1 Qe8 30. Kh2 Re2 0-1

[Event "Jogo de amigos 2"]
[Site "http://www.queenalice.com/game.php?id=221733"]
[Date "2007.6.7"]
[Round "-"]
[White "Cristianovisk"]
[Black "michel_spricigo"]
[Result "0-1"]
[WhiteElo "1146"]
[BlackElo "1492"]

1. e4 e5 2. h4 Be7 3. Bc4 d6 4. h5 Nf6 5. Qf3 Bg4 6. Qb3 O-O 7. d3 Nxh5 8. Qxb7
Nd7 9. Nc3 Nc5 10. Qb5 a6 11. Qc6 Bd7 12. Qd5 c6 13. Rxh5 cxd5 14. Bxd5 Rb8 15.
d4 Na4 16. dxe5 Nxc3 17. bxc3 Bg4 18. Rh2 dxe5 19. a4 Qc7 20. f3 Qxc3+ 21. Bd2
Qxa1+ 22. Kf2 Bc5+ 23. Be3 Bxe3+ 24. Kxe3 Qxg1+ 25. Kd3 Qd4+ 26. Ke2 Rb2 27.
fxg4 Rxc2+ 28. Kf3 Qf2# 0-1

[Event "Challenge"]
[Site "http://www.queenalice.com/game.php?id=228162"]
[Date "2007.6.20"]
[Round "-"]
[White "MaU"]
[Black "michel_spricigo"]
[Result "0-1"]
[WhiteElo "1453"]
[BlackElo "1458"]

1. d4 d5 2. Nc3 Nf6 3. Nf3 Nc6 4. g3 Bf5 5. a3 Ne4 6. e3 Nxc3 7. bxc3 Be4 8. c4
e6 9. cxd5 exd5 10. Bb5 Qf6 0-1

[Event "Challenge"]
[Site "http://www.queenalice.com/game.php?id=244967"]
[Date "2007.7.24"]
[Round "-"]
[White "rafaelbdb"]
[Black "michel_spricigo"]
[Result "1-0"]
[WhiteElo "1468"]
[BlackElo "1494"]

1. e4 e5 2. Nf3 Nc6 3. Nc3 Nf6 4. Be2 Be7 5. O-O d6 6. Nd5 O-O 7. Nxe7+ Qxe7 8.
d4 h6 9. dxe5 dxe5 10. Bd2 Nxe4 11. Bc3 Nxc3 12. bxc3 Be6 13. Qd2 Rad8 14. Qe3
a6 15. Nxe5 Nxe5 16. Qxe5 c6 17. Rad1 Qa3 18. Rxd8 Rxd8 19. Rd1 1-0